| 000 | 00496nam a2200169Ia 4500 | ||
|---|---|---|---|
| 008 | 220216s9999 xx 000 0 und d | ||
| 100 | _aSternstein S S | ||
| 245 | 0 | _aReinforcement and nonlinear viscoelasticity of polymer melts containing mixtures of nanofillers | |
| 260 |
_bRubber Chemistry and Technology _c2005 |
||
| 300 | _a258-270 | ||
| 650 | _aNanofillers | ||
| 650 | _aNonlinear viscoelasticity | ||
| 700 | _aJiang B | ||
| 700 | _aRamorino G | ||
| 700 | _aZhu Ai-Jun | ||
| 942 | _cJS | ||
| 999 |
_c66632 _d66632 |
||